The training of the twelve : (Record no. 10987)

MARC details
000 -LEADER
fixed length control field 01197cam a2200325 i 4500
001 - CONTROL NUMBER
control field 2283253
003 - CONTROL NUMBER IDENTIFIER
control field GBCCL
005 - DATE AND TIME OF LATEST TRANSACTION
control field 20251106145755.0
008 - FIXED-LENGTH DATA ELEMENTS--GENERAL INFORMATION
fixed length control field 791220s1979 ctuaf b 001 0ceng
020 ## - INTERNATIONAL STANDARD BOOK NUMBER
International Standard Book Number 0879832061 :
Terms of availability $5.95
020 ## - INTERNATIONAL STANDARD BOOK NUMBER
International Standard Book Number 9780879832063
035 ## - SYSTEM CONTROL NUMBER
System control number 2283253
040 ## - CATALOGING SOURCE
Original cataloging agency DLC
Transcribing agency DLC
Modifying agency DLC
082 00 - DEWEY DECIMAL CLASSIFICATION NUMBER
Classification number 232.95
Item number BRU 1
100 1# - MAIN ENTRY--PERSONAL NAME
Personal name Bruce, Alexander Balmain,
Dates associated with a name 1831-1899.
245 14 - TITLE STATEMENT
Title The training of the twelve :
Remainder of title or, Passages out of the Gospels : exhibiting the twelve disciples of Jesus under discipline for the apostleship /
Statement of responsibility, etc. by Alexander Balmain Bruce.
250 ## - EDITION STATEMENT
Edition statement 4th ed., rev. and improved.
260 ## - PUBLICATION, DISTRIBUTION, ETC.
Place of publication, distribution, etc. New Canaan, Conn. :
Name of publisher, distributor, etc. Keats Pub.,
Date of publication, distribution, etc. 1979.
300 ## - PHYSICAL DESCRIPTION
Extent xvii, 552 p., [4] leaves of plates :
Other physical details ill. ;
Dimensions 21 cm.
336 ## - CONTENT TYPE
Content type term text
Content type code txt
Source rdacontent
337 ## - MEDIA TYPE
Media type term unmediated
Media type code n
Source rdamedia
338 ## - CARRIER TYPE
Carrier type term volume
Carrier type code nc
Source rdacarrier
490 0# - SERIES STATEMENT
Series statement A Shepherd illustrated classic
504 ## - BIBLIOGRAPHY, ETC. NOTE
Bibliography, etc. note Includes bibliographical references and index.
630 00 - SUBJECT ADDED ENTRY--UNIFORM TITLE
Uniform title Bible.
Name of part/section of a work New Testament
General subdivision Biography.
650 #0 - SUBJECT ADDED ENTRY--TOPICAL TERM
Topical term or geographic name entry element Apostles.
906 ## - LOCAL DATA ELEMENT F, LDF (RLIN)
a 7
b cbc
c orignew
d 2
e opcn
f 19
g y-gencatlg
942 ## - ADDED ENTRY ELEMENTS (KOHA)
Source of classification or shelving scheme Dewey Decimal Classification
Koha item type Books
Suppress in OPAC No
Holdings
Withdrawn status Lost status Source of classification or shelving scheme Damaged status Not for loan Home library Current Library Shelving location Date acquired Total checkouts Full call number Barcode Date last seen Copy number Price effective from Koha item type
    Dewey Decimal Classification     GRACE BIBLE COLLEGE GRACE BIBLE COLLEGE Theology 2025-11-06   232.95 BRU 017255 2025-11-06 c.1 2025-11-06 Books
© Grace Bible College Library 2025